Die teuersten Fußballtransfers - Geboren 2000 - Statistiken

Allgemein
  • Dieses Quiz wurde 32 mal gespielt
  • Das Durchschnittsergebnis liegt bei 8 aus 10
Antwortstatistiken
Ablöse (M €) Saison Nationalität Abgebender Verein Aufnehmender Verein Spieler % Korrekt
95,00 2022-2023 Brasilien Ajax Amsterdam Manchester United Antony
96%
85,00 2021-2022 England Borussia Dortmund Manchester United Jadon Sancho
96%
60,00 2022-2023 Norwegen Borussia Dortmund Manchester City Erling Haaland
93%
45,00 2018-2019 Brasilien Flamengo Real Madrid Vinicius Junior
89%
83,50 2021-2022 Serbien AC Florenz Juventus Turin Dušan Vlahović
85%
64,00 2023-2024 Italien AC Milan Newcastle Sandro Tonali
85%
80,00 2022-2023 Frankreich AS Monaco Real Madrid Aurélien Tchouaméni
74%
70,00 2023-2024 Ungarn RB Leipzig FC Liverpool Dominik Szoboszlai
70%
55,00 2021-2022 Spanien Manchester City FC Barcelona Ferran Torres
59%
80,40 2022-2023 Frankreich Leicester City FC Chelsea Wesley Fofana
56%
Keine übereinstimmenden Quizze gefunden
Verteilung der Resultate
Anzahl Personen mit jedem Resultat
Perzentil nach korrekt beantworteten Fragen
Ihre Resultats-Entwicklung
Sie haben dieses Quiz noch nicht gespielt